| 000 | 00864nam a22002057a 4500 | ||
|---|---|---|---|
| 999 |
_c4220 _d4220 |
||
| 003 | AR-CdUCM | ||
| 008 | 190308b ||||| |||| 00| 0 spa d | ||
| 040 |
_aMUNICIPALIDAD PROVINCIAL DEL CUSCO _cBIBLIOTECA MUNICIPAL DEL CUSCO |
||
| 082 |
_a793.31985542 / _bC24 |
||
| 100 |
_aCamassi Pizarro, Ernesto Walter _913362 |
||
| 245 | _aHistoria del wayno huamanguino / | ||
| 260 |
_aLima : _bAltazor, _c2007. |
||
| 300 |
_a314 páginas ; _c25 cm. |
||
| 505 | _aContenido: Origen del wayno huamanguino -- Probables primeros waynos huamanguinos pentagramados -- El arriero huamanguino y su rol difusor del wayno -- Instrumentos musicales del Perú antiguo -- Instrumentos musicales utilizados por los huamanguinos ... | ||
| 650 |
_aHuaynos _95851 |
||
| 650 |
_aMúsica folclórica _95852 |
||
| 650 |
_aAyacucho - Huamanga _913363 |
||
| 942 |
_2ddc _cLIBROS |
||
| 945 | _aafb | ||